Svätopluk je už na Hrade

Bibliographic Details
Main Author: Krno, Martin (Author)
Format: Article
Language:Slovak
PhysicalDescription:Fotogr.
ISSN:1336-2984
Subjects:
Online Access:http://www.noveslovo.sk

MARC

LEADER 00000nab a2200000 ar4500
001 vtls010118189
003 SK-MaSNL
005 20260426063039.0
008 100726c2010 xo ||||||||||||00 b|slo
015 |a SNBRB2010/07  |2 snkbucl 
040 |a SNKBUCL  |b slo  |c SNKBUCL  |e AACR2 
041 0 |a slo 
044 |a xo  |c SK 
080 |a 94(437.6)-051  |2 2001 
080 |a 725.94  |x (437.6)  |2 2001 
080 |a 730.027.1  |2 2001 
100 1 |a Krno, Martin  |4 aut  |9 267168 
245 1 0 |a Svätopluk je už na Hrade  |c Martin Krno 
300 |b Fotogr. 
600 0 7 |a Svätopluk  |b I.,  |c veľkomoravské knieža,  |d asi 840-894  |2 snkbucl  |9 218232 
610 2 7 |a Bratislavský hrad  |2 snkbucl  |9 63101 
650 0 7 |a sochy  |2 snkbucl  |9 29846 
651 7 |a Bratislava (Slovensko)  |2 snkbucl  |9 14568 
655 7 |a reportáže  |2 snkbucl  |9 28856 
773 0 |t Slovo : spoločensko-politický týždenník  |g Roč. XII, č. 24 (2010), s. 28-29  |x 1336-2984 
852 |a SNK  |b KIS3GCP 
856 4 1 |u http://www.noveslovo.sk 
958 |a SK 
999 |c 2552113  |d 2554043